banner koha

Efficiency of isolated and associated herbicides to control glyphosate-resistant sourgrass (Registro n. 9477)

MARC details
000 -LÍDER
fixed length control field 04499nab a2200313 i 4500
003 - CÓDIGO MARC DA AGÊNCIA CATALOGADORA
Campo de controle BR-BrBNA
005 - DATA E HORA DA ÚLTIMA ATUALIZAÇÃO
Campo de controle 20230912081846.0
008 - CAMPO DE TAMANHO FIXO
fixed length control field 230627b2019 bl.ar|pooa||| 00| 0 eng |
040 ## - FONTE DA CATALOGAÇÃO
Agência catalogadora BR-BrBNA
Idioma da catalogação eng
072 ## - CATEGORIA AGRIS
Código AGRIS H60
100 ## - ENTRADA PRINCIPAL - NOME PESSOAL
Nome pessoal Cassol, M.
100 ## - ENTRADA PRINCIPAL - NOME PESSOAL
Nome pessoal Mattiuzzi, M.D.
100 ## - ENTRADA PRINCIPAL - NOME PESSOAL
Nome pessoal Albrecht, A.J.P.
100 ## - ENTRADA PRINCIPAL - NOME PESSOAL
Nome pessoal Albrecht, L.P.
100 ## - ENTRADA PRINCIPAL - NOME PESSOAL
Nome pessoal Baccin, L.C.
100 ## - ENTRADA PRINCIPAL - NOME PESSOAL
Nome pessoal Souza, C.N.Z.
245 ## - TÍTULO PRINCIPAL
Título principal Efficiency of isolated and associated herbicides to control glyphosate-resistant sourgrass
500 ## - NOTA GERAL
Nota geral Publicação on-line; 24 ref.; 6 tables; 1 illus.; Summaries (En, Pt)
942 ## - ADDED ENTRY ELEMENTS (KOHA)
Koha item type
520 ## - NOTA DE RESUMO
Nota de conteúdo <br/><br/>ABSTRACT - Sourgrass is one of the weeds of great economic importance in Brazil<br/>due to its difficulty of control and conditions that allow its emergence and<br/>development throughout the year. Thus, this study aimed to evaluate the<br/>effectiveness of clethodim and haloxyfop applied alone or mixed with glyphosate<br/>and other herbicides to control glyphosate-resistant sourgrass at different stages of<br/>development. For this, three experiments were conducted in the field: in experiment 1,<br/>the herbicides were applied in sourgrass plants with 6 to 8 tillers; and in experiments<br/>2 and 3, when plants were at full flowering, with up to 18 tillers. After treatment<br/>application, visual evaluations were performed at 14, 21, 28, 35, 42, 49, and 56 days<br/>after application (DAA) in experiment 1 and at 7, 14, 21, 28, and 35 DAA in experiments<br/>2 and 3. Also in experiment 3, the shoot of remaining plants was collected in the last<br/>control evaluation to measure the dry matter. In experiment 1, the treatment glyphosate<br/>+ clethodim presented a satisfactory control close to 90%, but after 35 DAA, sourgrass<br/>plants started showing significant resprouts, decreasing the control. In experiments 2<br/>and 3, treatments showed no control above 90% and the herbicides clethodim and<br/>haloxyfop had similar final control when in mixture with glyphosate. Therefore, the<br/>isolated herbicide application at the tested doses was not sufficient for efficient<br/>control of sourgrass at more advanced stages of development.<br/><br/>Keywords: Digitaria insularis, grass control, clethodim, haloxyfop.
520 ## - NOTA DE RESUMO
Nota de conteúdo <br/><br/>RESUMO - O capim-amargoso é uma das plantas daninhas de grande importância<br/>econômica no Brasil devido a sua dificuldade de controle, pelas condições que<br/>permitem emergência e desenvolvimento o ano todo. Diante disso, objetivou-se<br/>neste trabalho avaliar a eficácia dos herbicidas clethodim e haloxyfop, aplicados<br/>isoladamente ou em associação com glyphosate e outros herbicidas, no controle<br/>do capim-amargoso resistente ao glyphosate em diferentes estádios de<br/>desenvolvimento. Para isso, foram conduzidos três experimentos em campo: no<br/>experimento 1, os herbicidas foram aplicados em plantas de capim-amargoso com<br/>6 a 8 perfilhos; e nos experimentos 2 e 3, quando as plantas estavam em pleno<br/>florescimento, com até 18 perfilhos. Após a aplicação dos tratamentos, foram<br/>realizadas avaliações visuais de controle aos 14, 21, 28, 35, 42, 49 e 56 dias após<br/>a aplicação (DAA), no experimento 1, e aos 7, 14, 21, 28 e 35 DAA, nos experimentos<br/>2 e 3. Ainda no experimento 3, na última avaliação de controle coletou-se a parte<br/>aérea das plantas remanescentes, para mensuração da massa seca. No<br/>experimento 1, o tratamento glyphosate + clethodim apresentou controle<br/>satisfatório, próximo de 90%, porém após 35 DAA as plantas de capim-amargoso<br/>começaram a mostrar rebrotas significativas, diminuindo o controle. Nos<br/>experimentos 2 e 3, os tratamentos não apresentaram controle acima de 90%, e os<br/>herbicidas clethodim e haloxyfop obtiveram controle final similar nas associações com glyphosate.<br/>Conclui-se que a aplicação única dos herbicidas utilizados, nas doses testadas, não foi suficiente para<br/>um controle eficiente de capim-amargoso em estádios de desenvolvimento mais avançados.<br/><br/>Palavras-chave: Digitaria insularis, controle de gramíneas, clethodim, haloxyfop.
650 ## - ASSUNTO - THESAGRO
Cabeçalho tópico ou nome geográfico DIGITARIA
650 ## - ASSUNTO - THESAGRO
Cabeçalho tópico ou nome geográfico HERBICIDA
650 ## - ASSUNTO - THESAGRO
Cabeçalho tópico ou nome geográfico ERVA DANINHA
650 ## - ASSUNTO - THESAGRO
Cabeçalho tópico ou nome geográfico CONTROLE QUÍMICO
773 0# - ENTRADA ANALÍTICA
Host Biblionumber 886
Registro do item 1816
Imprenta Londrina-PR : Sociedade Brasileira da Ciência das Plantas Daninhas, 1978
Outro identificador 2023-031023
Título Planta Daninha (Brazil)
ISSN 0100-8358; 1806-9681 (on-line)
Colação v. 37 p. 1-8; (2019)
Número de controle de registro BR2023000459
856 ## - ACESSO E ENDEREÇO ELETRÔNICO
Identificador uniforme de recurso - URI https://www.scielo.br/j/pd/a/LQNBtGHPxGn5nnh483kNhXp/?format=pdf&lang=en

Nenhum exemplar disponível.

BINAGRI

Telefone: (61)3218-2567/2388/3357/2097 - binagri@agro.gov.br

Ministério da Agricultura e Pecuária , Esplanada dos Ministérios, Bloco D, Anexo B, Brasília/DF, CEP: 70.043-900